000 00424nam a2200157Ia 4500
008 180921t2015 xxu||||| |||| 00| 0 eng d
041 _aeng
080 _a354
_bJAY
100 _aJayaweera,R.A
245 _aGovernance And Development Redrawing The Lines- Part 1:Governance
260 _bARTHA Gaweshakayo
_aColombo
_c2015
300 _b123p, 21cm
942 _cBK
999 _c2585
_d2585
003 LK-CoDNM
040 _aLK-CoDNM
_dLK-CoDNM
_eLK-CoDNM